00596 2200217 4500001002100000005001700021008004100038020001800079035002400097082001100121090001600132245007700148260003300225300002800258650003100286850001500317980001300332985000600345986001300351999001400364YOGYA-0209000001330320090227022316.0 ind  a979-412-150-9 0010-020900000013303 a049.92 a049.92bBun aBUNG Karno dan ABRIbkumpulan pidato Bung Karno dihadapan ABRI 1950-1966 aJakartabHajiMas Agungc1989 ax, 180 hlmbilusc21 cm aKumpulan pidato Bung Karno aYOPDYOG(B) a27-06-05 a1 afwhrtrev aP00029385